Affordability still matters (Record no. 108425)

MARC details
000 -LEADER
fixed length control field 02499cad a22003015a 4500
001 - CONTROL NUMBER
control field L144246
008 - FIXED-LENGTH DATA ELEMENTS--GENERAL INFORMATION
fixed length control field 080707s2008 xxkd f s f000 0 eng d
035 ## - SYSTEM CONTROL NUMBER
System control number (Sirsi) u144246
041 0# - LANGUAGE CODE
Language code of text/sound track or separate title eng
050 04 - LIBRARY OF CONGRESS CALL NUMBER
Classification number 333.33 $2 18
110 2# - MAIN ENTRY--CORPORATE NAME
Corporate name or jurisdiction name as entry element National Housing and Planning Advice Unit
9 (RLIN) 5426
245 00 - TITLE STATEMENT
Title Affordability still matters
Medium [electronic resource]
260 ## - PUBLICATION, DISTRIBUTION, ETC.
Place of publication, distribution, etc. Fareham
Name of publisher, distributor, etc. NHPAU
Date of publication, distribution, etc. 2008
505 2# - FORMATTED CONTENTS NOTE
Formatted contents note What does a cooling housing market mean for affordability?: House price growth has slowed in recent months -- Can we compare the current slowdown to the 1990s? -- The long-term trend in house prices
505 2# - FORMATTED CONTENTS NOTE
Formatted contents note Why does housing affordability still matter? -- Worsening affordability affects everyone -- Research findings A: The impact of worsening affordability on demand for social housing: tenure choice and household formation -- Worsening affordability has wider social and economic consequences -- Research findings B: UK Housing Wealth, 2005/06, Analysis of the British Household Panel Survey
505 2# - FORMATTED CONTENTS NOTE
Formatted contents note Fundamentals indicate that affordability will worsen in the long run: Demand from households -- Research findings C: Where have all the first time buyers gone? -- Income and earnings growth -- Interest rates -- Research findings D: Buy-to-let mortgage lending and the impact on UK house prices -- Housing supply
505 2# - FORMATTED CONTENTS NOTE
Formatted contents note Improving the long-term affordability prospects -- Our role looking forward -- Engagement with the Regional Spatial Strategy process -- Research -- Supporting our regional partners
520 ## - SUMMARY, ETC.
Summary, etc. Report sets out that despite current market conditions, housing affordability is still a matter of importance. Advice is linked to recent statistics, other NHPAU guidance and the NHPAU supply advice range. Suggests that key stakeholders need to be planning for the availability of appropriately priced housing for purchase when the current economic downturn is reversed in future.
521 ## - TARGET AUDIENCE NOTE
Target audience note Advanced
590 ## - LOCAL NOTE (RLIN)
Local note KA
650 24 - SUBJECT ADDED ENTRY--TOPICAL TERM
Topical term or geographic name entry element BARKER REVIEW OF HOUSING SUPPLY: SECURING OUR FUTURE HOUSING NEEDS
650 24 - SUBJECT ADDED ENTRY--TOPICAL TERM
Topical term or geographic name entry element PLANNING POLICY STATEMENT 3
650 24 - SUBJECT ADDED ENTRY--TOPICAL TERM
Topical term or geographic name entry element HOUSING FOR THE FUTURE: MORE AFFORDABLE, MORE SUSTAINABLE
651 #4 - SUBJECT ADDED ENTRY--GEOGRAPHIC NAME
Geographic name England and Wales
Chronological subdivision 1543-
690 ## - LOCAL SUBJECT ADDED ENTRY--TOPICAL TERM (OCLC, RLIN)
Topical term or geographic name as entry element PROPERTY-RESIDENTIAL PROPERTY-RESIDENTIAL PROPERTY MARKET
856 40 - ELECTRONIC LOCATION AND ACCESS
Uniform Resource Identifier <a href="https://webarchive.nationalarchives.gov.uk/20100910091152/http://www.communities.gov.uk/documents/507390/pdf/867681.pdf">https://webarchive.nationalarchives.gov.uk/20100910091152/http://www.communities.gov.uk/documents/507390/pdf/867681.pdf</a>
Public note View the document free of charge at www.nationalarchives.gov.uk
942 ## - ADDED ENTRY ELEMENTS (KOHA)
Suppress in OPAC 0
Holdings
Withdrawn status Lost status Source of classification or shelving scheme Damaged status Not for loan Home library Current library Shelving location Date acquired Total Checkouts Full call number Barcode Date last seen Copy number Price effective from Koha item type
    Dewey Decimal Classification     Virtual Virtual Online 07/07/2008   ONLINE PUBLICATION 144246-1001 06/08/2019 1 06/08/2019 Book